=LDR 00000nam 2200000 4500 =001 INLIS000000000024828 =005 20130612123404 =008 ***********************************Ind** =035 ##$$0010-061300000024828 =041 ##$$a Ind =082 ##$$a 028.5 =090 ##$$a 028.5, Utr u =100 ##$$a Utami, Deniza Saqina Utam =245 ##$$a Seri bintang yang disebut dalam alQuran, Unta, Deniza Saqina Utami =260 ##$$a 2005 $b Bandung =300 ##$$a 26 hlm, ilus, 28 cm =650 ##$$a binatang =850 ##$$a NBPNMAT